00317nam a2200133Ia 4500100001700000650000800017366000700025654000800032245006900040260002800109082001500137300000800152546002300160 aMurach/Joel  aSQL f20 aSQL aMurach's Oracle SQL and PL/SQL and PL/SQL:Training and reference bShroff Publishersc2008 a5.133bMUR a627 aENGLISHcComputers